Tirulín tirulán rondas y juegos afrocolombianos (Record no. 59659)

MARC details
000 -LEADER
campo de control de longitud fija 01557cac a2200361 a 4500
003 - IDENTIFICADOR DE NÚMERO DE CONTROL
campo de control CO-PeBPM
005 - FECHA Y HORA DE LA ÚLTIMA TRANSACCIÓN
campo de control 20260408163052.0
007 - CAMPO FIJO DE DESCRIPCIÓN FÍSICA--INFORMACIÓN GENERAL
campo de control de longitud fija ta
008 - DATOS DE LONGITUD FIJA--INFORMACIÓN GENERAL
campo de control de longitud fija 191001s2017 ck a gr 000 0 spa d
020 ## - NÚMERO INTERNACIONAL ESTÁNDAR DEL LIBRO
Número Internacional Estándar del Libro 9789587850499
040 ## - FUENTE DE CATALOGACIÓN
Centro catalogador/agencia de origen CO-PeBPM
Lengua de catalogación spa
Normas de descripción rda
Centro/agencia transcriptor CO-PeBPM
041 ## - CÓDIGO DE IDIOMA
Código de lengua del texto/banda sonora o título independiente spa
082 04 - NÚMERO DE LA CLASIFICACIÓN DECIMAL DEWEY
Número de clasificación (i) 398.8 I59t
Número de edición 22
110 1# - ENTRADA PRINCIPAL--NOMBRE DE ENTIDAD CORPORATIVA
Nombre de entidad corporativa o nombre de jurisdicción como elemento de entrada Instituto Técnico Popular de la Costa, (Tumaco, Nariño)
Término indicativo de función/relación autor
245 00 - MENCIÓN DEL TÍTULO
Título Tirulín tirulán rondas y juegos afrocolombianos
Mención de responsabilidad, etc. / Comunidad educativa de Tumaco (Nariño) ; ilustraciones, Fabiola Castillo
250 ## - MENCION DE EDICION
Mención de edición Segunda edición
264 01 - PRODUCCIÓN, PUBLICACIÓN, DISTRIBUCIÓN, FABRICACIÓN Y COPYRIGHT
Producción, publicación, distribución, fabricación y copyright Bogotá, Colombia
Nombre del de productor, editor, distribuidor, fabricante : Ministerio de Educación Nacional
Fecha de producción, publicación, distribución, fabricación o copyright , 2017
300 ## - DESCRIPCIÓN FÍSICA
Extensión 47 páginas
Otras características físicas ilustraciones
Dimensiones 20 cm
336 ## - TIPO DE CONTENIDO
Fuente rdacontent
Término de tipo de contenido txt
337 ## - TIPO DE MEDIO
Fuente rdamedia
Nombre/término del tipo de medio n
338 ## - TIPO DE SOPORTE
Fuente rdacarrier
Nombre/término del tipo de soporte nc
490 ## - MENCIÓN DE SERIE
Mención de serie Río de Letras. Territorios Narrados PNLE
Designación de volumen o secuencia 22
490 ## - MENCIÓN DE SERIE
Mención de serie Plan Nacional de Lectura y Escritura Leer es mi cuento
500 ## - NOTA GENERAL
Nota general Colección de actualización bibliográfica para la Red de Bibliotecas Públicas del Ministerio de Cultura, Plan Nacional de Lectura y Escritura Leer es mi cuento, 2018
650 17 - PUNTO DE ACCESO ADICIONAL DE MATERIA--TÉRMINO DE MATERIA
Término de materia o nombre geográfico como elemento de entrada Folclor Infantil
9 (RLIN) 55083
Subdivisión geográfica Nariño
Fuente del encabezamiento o término LEMB
650 17 - PUNTO DE ACCESO ADICIONAL DE MATERIA--TÉRMINO DE MATERIA
Término de materia o nombre geográfico como elemento de entrada Juegos con Musica
9 (RLIN) 20156
Fuente del encabezamiento o término LEMB
650 17 - PUNTO DE ACCESO ADICIONAL DE MATERIA--TÉRMINO DE MATERIA
Término de materia o nombre geográfico como elemento de entrada Rondas Infantiles
9 (RLIN) 49727
Fuente del encabezamiento o término LEMB
650 17 - PUNTO DE ACCESO ADICIONAL DE MATERIA--TÉRMINO DE MATERIA
Término de materia o nombre geográfico como elemento de entrada Música Afrocolombiana
9 (RLIN) 55084
Fuente del encabezamiento o término LEMB
700 1# - ENTRADA AGREGADA--NOMBRE PERSONAL
Nombre de persona Castillo, Fabiola
Término indicativo de función/relación ilustradora
710 1# - ENTRADA AGREGADA--NOMBRE DE ENTIDAD CORPORATIVA
Nombre de entidad corporativa o nombre de jurisdicción como elemento de entrada Comunidad Educativa de Tumaco (Nariño)
9 (RLIN) 55082
830 ## - PUNTO DE ACCESO ADICIONAL DE SERIE-TÍTULO UNIFORME
9 (RLIN) 54892
Título uniforme Dotación MinCultura y BNC - Sala de Patrimonio Bibliográfico y Documental de Risaralda
942 ## - ELEMENTOS DE ENTRADA SECUNDARIOS (KOHA)
Fuente del sistema de clasificación o colocación Clasificación Decimal Dewey
Tipo de ítem Koha Literatura infantil
Suprimir en OPAC No
Holdings
Estatus retirado Estado de pérdida Fuente del sistema de clasificación o colocación Estado de daño No para préstamo Colección Biblioteca de origen Biblioteca actual Ubicación en estantería Fecha de adquisición Fuente de adquisición Total de préstamos Signatura topográfica completa Código de barras Visto por última vez Copia número Precio de reemplazo Tipo de ítem Koha
    Clasificación Decimal Dewey     Colección infantil BIBLIOTECA HUGO ANGEL JARAMILLO BIBLIOTECA HUGO ANGEL JARAMILLO Área de niños 21/12/2023 Dotación MinCultura y BNC   (i) 398.8 I59t CUB04 - 0405 21/12/2023 Ej. 1 21/12/2023 Literatura infantil
    Clasificación Decimal Dewey     Colección infantil BIBLIOTECA SAN JOAQUIN BIBLIOTECA SAN JOAQUIN Área de niños 08/04/2018 Donación Biblioteca Nacional   (i) 398.8 I59t 63654 08/04/2026 Ej. 1 08/04/2026 Literatura infantil

Powered by Koha